Statistics for Johannesburg Airport (JNB) Destinations

Click here to take the quiz!

General Stats

  • This quiz has been taken 381 times
    (311 since last reset)
  • The average score is 46 of 93

Answer Stats

HintfAnswer% Correct
EmiratesDubai
94%
EgyptAirCairo
92%
British Airways, Fly Blue Crane, Flysafair, Kulula,com, Mango, South African AirCape Town
92%
British Airways, South African Air, Virgin AtlanticLondon-Heathrow
92%
Air FranceParis-Charles de Gaulle
91%
AlitaliaRome-Fiumicino
90%
KLMAmsterdam
88%
Air ChinaBeijing-Capital
88%
Kenya Air, South African AirNairobi
88%
Qatar AirDoha
87%
IberiaMadrid
87%
Ethiopian AirwaysAddis Ababa
86%
Turkish AirIstanbul
86%
QantasSydney
86%
South African AirNew York-JFK
85%
Etihad AirwaysAbu Dhabi
83%
Singapore AirSingapore
83%
Lufthansa, South African AirFrankfurt
81%
El AlTel Aviv
81%
British Airways, Flysafair, Kulula.com, Mango, South African Air, South African ExpressDurban
80%
Arik Air, South African AirLagos
80%
South African Air, TAAG AngolaLuanda
80%
Swiss AirZurich
80%
Airlink, Air MadagascarAntananarivo
79%
Airlink, Air Zimbabwe, British Airways, Fastjet, South African AirHarare
79%
LATAM Brasil, South African AirSao Paulo
79%
Airlink, Air Namibia, British Airways, South African AirWindhoek
79%
LAM Mozambique, South African AirMaputo
78%
South African AirAccra
75%
Cathay Pacific, South African AirHong Kong
75%
DeltaAtlanta
74%
Air Mauritius, British Airways, South African AirMauritius
74%
South African AirKinshasa
72%
Fastjet, Interjet South Africa, South African AirDar es Salaam
71%
SaudiaJeddah
71%
RwandairKigali
71%
Airlink, Rwandair, South African AirLusaka
71%
British Airways, Flysafair, Mango, South African Air, South African ExpressPort Elizabeth
70%
South African AirMunich
66%
Air Botswana, South African ExpressGaborone
65%
South African AirDakar
64%
South African AirPerth
64%
South African AirAbuja
61%
Airlink, Fly Blue Crane, Flysafair, South African ExpressBloemfontein
59%
South African AirLilongwe
57%
South African AirAbidjan
55%
Airlink, Maluti SkyMaseru
55%
South African AirBrazzaville
52%
South African AirWashington-Dulles
52%
Fastjet, MangokZanzibar
45%
Air AustralSaint-Denis de la Reunion
44%
Ethiopian AirwaysLome
43%
Flysafair, Kulala.com, South African Air, South African ExpressEast London
40%
Air Zimbabwe, British Airways, Fastjet, South African AirVictoria Falls
38%
South African AirEntebbe
36%
Air SeychellesMahe
34%
Airlink, LAM MozambiqueBeira
32%
Malawian Air, South African AirBlantyre
31%
Air Namibia, South African AirWalvis Bay
31%
AirlinkBulawayo
30%
British Airways, South African AirLivingstone
29%
South African ExpressLubumbashi
29%
Flysafair, Kulala.com, Mango, South African ExpressGeorge
27%
Fly Blue Crane, South African ExpressKimberley
25%
Airlink, South African ExpressNelspruit
24%
Air Botswana, AirlinkMaun
23%
Air BotswanaFrancistown
22%
Airlink, South African ExpressPietermaritzburg
21%
Airlink, LAM MozambiquePemba
20%
AirlinkPolokwane
20%
AirlinkSaint Helena
19%
Airlink, Interair South Africa, South African AirNdola
18%
AirlinkNampula
17%
AirlinkNosy Be
17%
South African ExpressRichards Bay
15%
Swaziland AirlinkManzini
14%
AirlinkUpington
14%
CemAir, South African ExpressHoedspruit
13%
Air Botswana, AirlinkKasane
11%
Airlink, LAM MozambiqueTete
11%
LAM MozambiqueInhambane
10%
CemAirMargate
8%
CemAirPlettenberg Bay
8%
South African ExpressSun City
8%
LAM MozambiqueQuelimane
7%
AirlinkSkukuza
7%
AirlinkUmtata
7%
Fly Blue CraneMthatha
6%
Airlink, LAM MozambiqueVilanculos
6%
AirlinkPhalaborwa
5%
Airlink, CemairSishen
5%
CemAirLephalale
2%
South African AirPoint Noire
2%

Score Distribution

Percentile by Number Answered

Percent of People with Each Score

Your Score History

You have not taken this quiz since the last reset